General knowledge - Statistics

General Stats
  • This quiz has been taken 30 times
  • The average score is 6 of 8
Answer Stats
Question Answer % Correct
A leap year is every how may years? 4
100%
What year did we first go to the moon? 1969
96%
What is the only country beginning with o? Oman
89%
How many Apollo missions were there? 14
86%
In Greek mythology, who is the god of war? Ares
79%
What animal is haggis made from? Sheep
71%
How many minutes are in a day? 1440
54%
How do you say “Wednesday” in Spanish? Miercoles
29%
No matching quizzes found
Score Distribution
Percent of People with Each Score
Percentile by Number Answered
Your Score History
You have not taken this quiz